Študijný program Fakulty medzinárodných vzťahov Ekonomická univerzita v Bratislave

Salvato in:
Dettagli Bibliografici
Ente Autore: Ekonomická univerzita v Bratislave. Fakulta medzinárodných vzťahov
Altri autori: Liďák, Ján, Kordošová, Elena
Natura: Libro
Lingua:slovacco
Pubblicazione: Bratislava Ekonóm 2004
Soggetti:
Tags: Aggiungi Tag
Nessun Tag, puoi essere il primo ad aggiungerne!!

MARC

LEADER 00000nam a2200000 4500
001 0017975
005 20230307090820.3
020 |a 80-225-1875-1 
041 0 |a slo 
044 |a SK 
245 1 0 |a Študijný program Fakulty medzinárodných vzťahov  |b Ekonomická univerzita v Bratislave  |c [zostavili: Ján Liďák, Elena Kordošová] 
264 1 |a Bratislava  |b Ekonóm  |c 2004 
300 |a 77 s. 
610 2 0 |a programy študijné 
610 2 0 |a univerzity 
610 2 0 |a vzdelávanie vysokoškolské 
700 1 |a Liďák, Ján 
700 1 |a Kordošová, Elena 
710 2 |a Ekonomická univerzita v Bratislave. Fakulta medzinárodných vzťahov